| 000 | 00524 a2200193 4500 | ||
|---|---|---|---|
| 999 |
_c32090 _d32090 |
||
| 003 | OSt | ||
| 005 | 20260114121607.0 | ||
| 008 | 260114b ||||| |||| 00| 0 eng d | ||
| 020 | _a978-93-87788-34-3 | ||
| 040 | _c. | ||
| 082 |
_a621.10835 _bK872 |
||
| 100 |
_96453 _aKothandaraman, C P |
||
| 245 |
_aSteam Tables with Mollier Chart / _cby C P Kothandaraman |
||
| 250 | _a5th ed. | ||
| 260 |
_bNew Age International Publishers, _aNew Delhi : _c2023. |
||
| 300 | _a76 p. | ||
| 650 | 0 |
_93374 _aSteam Table |
|
| 942 |
_2ddc _cBK |
||